000 00314nam a22001337a 4500
008 170328b xxu||||| |||| 00| 0 eng d
020 _a9780136071877
041 _aeng
080 _24 ED
_a796.32
100 _a8
101 _aSHM
245 _aSPORRT MARKETING A STRATEGIC REPECTIVE
_cSHANK.M.
942 _2udc
_cBK
999 _c8765
_d8765